| 000 | 00469nam a22001697a 4500 | ||
|---|---|---|---|
| 003 | CEME | ||
| 005 | 20210628204039.0 | ||
| 008 | 210106b xxu||||| |||| 00| 0 eng d | ||
| 020 | _a9783540881841 | ||
| 040 | _cceme | ||
| 082 | _a006.42 GRA | ||
| 100 |
_aLiu, Werryin, Llados, Josep, Ogier, Jean Marc _968428 |
||
| 245 | _aGraphics recognition, recent advances and new opportunities | ||
| 260 |
_aNEW YORK _bSPRINGER _c2008 |
||
| 300 | _aIX, 336P | ||
| 942 |
_cBK _2ddc |
||
| 999 |
_c576010 _d576010 |
||